Anecdotes - Vrai ou Faux ? - Statistiques

Statistiques générales
  • Ce quiz a été pris 223 fois
  • Le résultat moyen est 11 sur 20
Statistiques - réponses
Question Réponse % Correct
Les flamants roses sont naturellement roses à leur naissance. Faux
93%
Les arbres ne peuvent pas attraper de maladies. Faux
91%
Les grenouilles peuvent être transformées en prince charmant avec un baiser. Faux
89%
Les hirondelles volent plus bas avant la pluie. Vrai
86%
Les koalas boivent rarement de l'eau, ils obtiennent leur hydratation des feuilles d'eucalyptus. Vrai
85%
Pangée était un immense continent réunissant toutes les terres il y a 250 millions d’années. Vrai
85%
La ville de Paris tire son nom du dieu mythologique éponyme Paris. Faux
81%
Le cœur humain bat environ 100 000 fois par jour. Vrai
79%
Au Viêt Nam, la Guerre du Viêt Nam est connue sous le nom de Guerre Américaine. Vrai
79%
Le chocolat peut être toxique pour les chiens. Vrai
79%
Le cerveau d'une autruche est plus petit que son œil. Vrai
78%
Les méduses n'ont ni cerveau, ni cœur, ni os. Vrai
78%
Le premier album de Nirvana, "Nevermind", a été enregistré en un seul mois. Vrai
78%
L'album "The Dark Side of the Moon" des Pink Floyd est resté dans le top 200 des albums les plus vendus aux États-Unis pendant 741 semaines consécutives, soit plus de 14 ans. Vrai
77%
Le Titanic transportait un trésor caché dans sa soute. Faux
76%
Les mouches vivent seulement 24 heures. Faux
75%
Jimi Hendrix a été classé meilleur guitariste de tous les temps par le Rolling Stone Magazine. Vrai
75%
Les pommes de terre crues sont comestibles sans danger. Faux
74%
L'alphabet le plus court au monde est le Rotokas, avec 12 lettres. Vrai
74%
Les biscuits chinois ont été inventés aux États-Unis. Vrai
74%
Les océans sont bleus à cause de l’eau. Faux
73%
Les tomates ont été considérées comme toxiques en Europe pendant des siècles. Vrai
73%
Les Vikings portaient des casques avec des cornes. Faux
72%
L'Italie a interdit les spaghettis jusqu'au début du 20e siècle. Faux
72%
Les oignons sont toxiques pour les chiens et les chats. Vrai
71%
Les Moscovites sont les habitants de Moscou. Vrai
71%
Un poulpe a trois cœurs. Vrai
70%
L'eau de mer est naturellement douce avant d'être polluée. Faux
69%
Les crocodiles ne peuvent pas sortir leur langue. Vrai
69%
Les éclairs frappent toujours les points les plus hauts. Faux
68%
Le calamar colossal possède les plus grands yeux du règne animal. Vrai
68%
Les pingouins ne peuvent pas voler. Vrai
67%
Les fourmis peuvent soulever jusqu'à 50 fois leur poids. Vrai
67%
L’île grecque de Santorin aurait inspiré le mythe de l’Atlantide. Vrai
67%
Michael Jordan a joué pour les Los Angeles Lakers pendant toute sa carrière NBA. Faux
66%
Les pandas sont des carnivores stricts. Faux
65%
Les poissons rouges ont une mémoire de trois secondes. Faux
64%
Les dauphins dorment d'un œil ouvert. Vrai
64%
38% des Vietnamiens portent le nom de famille Nguyen. Vrai
63%
L'écrivain américain Mark Twain est né et mort lors des apparitions de la comète de Halley. Vrai
62%
Rockefeller fut la première personne milliardaire dans l'histoire moderne. Vrai
62%
Il y a actuellement 186 700 tonnes d'or sous terre. Vrai
62%
Les éléphants ont peur des souris. Faux
61%
Le bambou peut pousser de plus d'un mètre en une journée. Vrai
61%
Un bébé a plus d'os qu'un adulte. Vrai
61%
Dans la mythologie juive, Adam avait une femme avant Eve, nommée Lilith. Vrai
61%
Les étoiles de mer ont du sang comme les poissons. Faux
60%
L'air est plus lourd que l'eau. Faux
60%
La baleine bleue est l'animal le plus bruyant de la planète. Vrai
59%
Un "zéphyr" est un vent léger venu de l'ouest. Vrai
59%
Le jeu vidéo "Tetris" a été créé en Union Soviétique en 1984. Vrai
59%
En 1922, New York a connu des émeutes à cause de chapeaux de paille. Vrai
58%
Les oiseaux-éléphants de Madagascar avaient des œufs de 20 kg. Faux
57%
Les présidents John Adams et Thomas Jefferson sont morts le même jour. Vrai
57%
Les serpents peuvent cligner des yeux. Faux
56%
Le plus grand diamant du monde pèse plus d'une tonne. Faux
55%
La Grande Muraille de Chine mesure plus de 20 000 km de long. Vrai
55%
Le Sahara est le plus grand désert au monde. Faux
54%
Superman volait dès les premiers comics. Faux
54%
Les Rolling Stones sont un groupe de rock qui a été formé aux États-Unis. Faux
54%
Les pommes flottent sur l'eau car elles sont composées de 25 % d'air. Vrai
54%
Le guacamole est traditionnellement préparé en utilisant une pierre volcanique. Vrai
54%
En 1698, la Russie a imposé une taxe sur la barbe. Vrai
54%
Le chocolat blanc est fait à partir de graines de cacao. Faux
53%
Le record de vitesse par un avion à réaction habité est de 3500km/h. Vrai
53%
Les dents de lait s'appellent ainsi parce qu'elles sont faites de calcium lactique. Faux
52%
Les taureaux réagissent à la couleur rouge. Faux
52%
Les escargots peuvent hiberner jusqu'à trois ans. Vrai
52%
Le premier résident permanent d’Islande aurait été un Viking. Vrai
52%
La Grande Muraille de Chine est visible depuis la Lune. Faux
51%
Les araignées ne peuvent pas se noyer. Faux
50%
Il est dangereux de nager après avoir mangé. Faux
50%
Les papillons goûtent avec leurs pieds. Vrai
50%
Les guêpes sont attirées par les couleurs vives. Vrai
50%
Le Mozambique a un AK-47 sur son drapeau. Vrai
50%
Les dauphins ont des noms pour se reconnaître. Vrai
50%
L’alcool réchauffe le corps. Faux
48%
Plus d'Américains sont morts durant la Guerre Civile que durant toutes les autres guerres étrangères combinées. Vrai
48%
La Nouvelle-Zélande était inhabitée avant l’arrivée des Maoris vers 1250. Vrai
47%
Patrick Bruel et Elie Semoun sont cousins. Vrai
47%
Les oranges sont la meilleure source de vitamine C. Faux
46%
La chanson "Imagine" de John Lennon a été écrite après sa séparation avec Yoko Ono. Faux
46%
Le Soleil est environ 332 fois plus lourd que la Terre. Faux
45%
Les diamants sont éternels. Faux
44%
Les abeilles communiquent entre elles en dansant. Vrai
44%
La terre produit assez de nourriture pour nourrir le monde entier. Vrai
44%
Gandhi n'a jamais reçu le Prix Nobel de la Paix Vrai
44%
Les chameaux stockent l'eau dans leurs bosses. Faux
43%
Le roman Moby Dick débute par ce célèbre incipit: "Appelez-moi Ismaël" Vrai
43%
La chanson "Smells Like Teen Spirit" de Nirvana a été inspirée par une publicité pour un déodorant. Vrai
43%
Le thylacine, ou tigre de Tasmanie, a disparu en 2000. Faux
41%
On utilise seulement 10 % de notre cerveau. Faux
41%
Les éléphants sont les seuls animaux incapables de sauter. Vrai
41%
Le Mont Everest continue de grandir chaque année. Vrai
41%
L'année 1900 ne fut pas une année bissextile. Vrai
41%
Le breton appartient à la famille des langues germaniques. Faux
40%
Pluton est devenue une planète naine après la découverte d'un nouvel astre. Vrai
40%
Un ananas pousse en seulement trois mois. Faux
38%
Les chauves-souris sont aveugles. Faux
38%
Les tigres ont la peau rayée, pas seulement leur fourrure. Vrai
38%
Les poissons rouges peuvent voir plus de couleurs que les humains. Vrai
38%
The Artist est le seul film français à avoir gagné l’Oscar du meilleur film. Vrai
38%
Le record du monde du taux d’alcoolémie mesuré est de 12g d'alcool par litres de sang. Faux
36%
Napoléon était très petit. Faux
33%
La Terre est plus proche du Soleil en hiver qu’en été. Vrai
33%
Le film "Titanic" de James Cameron a remporté 20 Oscars. Faux
31%
Le record du plus long mandat de maire est de 60 ans. Faux
30%
Le sucre rend les enfants hyperactifs. Faux
30%
Trente personnes étaient emprisonnées dans la Bastille lors de sa prise. Faux
29%
Les cheveux et les ongles continuent de pousser après la mort. Faux
25%
Le seul pays dont le drapeau n'est pas rectangulaire est le Népal. Vrai
23%
Le requin est le seul poisson qui peut cligner des yeux. Vrai
22%
Les autruches enterrent leur tête dans le sable lorsqu'elles ont peur. Faux
21%
Les bananes poussent à l'envers avec la tige en haut. Faux
21%
Les moustiques sont attirés par le bleu. Vrai
21%
Le sucre brun est plus sain que le sucre blanc. Faux
18%
L’Everest est la montagne la plus haute du monde. Faux
17%
Il n'y a absolument aucun cas d'enfants empoisonnés par des bonbons récupérés à Halloween. Vrai
17%
Le miel ne se périme jamais. Faux
16%
Les pommes de terre poussent sous terre. Faux
15%
Les grenouilles avalent avec leurs yeux. Vrai
3%
Aucun quiz correspondant
Distribution des résultats
% des personnes avec chaque résultat
Percentile par nombre de réponses
Votre historique - résultats
Vous n’avez pas pris ce quiz